000 00467nam a2200169 i 4500
001 86836
003 ES-MaACL
005 20230906175532.0
007 t|
008 041216s1968 sp ||||1| spa d
100 1 _aKazakov, Yuri.
_967684
245 1 3 _aEl Mar Blanco /
_cYuri Kazakov ; [traductora, Amaya Lacasa].
260 _aMadrid :
_bAlianza,
_c[1968]
300 _a213 p. ;
_c18 cm.
700 1 _aLacasa, Amaya.
_969334
852 _aES-MaACL
_jC-35376
_bR.68531
999 _c86836
_d86836